000 00888cam a2200289 4500
008 090401t1997 xxu||||| |||| 00| 0 eng d
020 _a0112430260
035 _a(Sirsi) u78768
041 _aeng
050 _a630.0212
110 _aMinistry of Agriculture Fisheries and Food
245 _aFarm incomes in the United Kingdom 1995/96.
260 _aLondon
_bStationery Office
_c1997
300 _avi,142p. ; 30cm.
350 _a29
520 _aUses information from the Farm Business Survey.
650 _aFARM BUSINESS SURVEY
650 _aFARM INCOMES
650 _aFARMING
650 _aSTATISTICS
690 _aRURAL PRACTICE
710 _aScottish Office
_bAgriculture, Environment and Fisheries Department
_91894
710 _aDepartment of Agriculture for Scotland
_91470
710 _aUnited Kingdom
_bWelsh Office
_91214
942 _n0
948 _c06/06/1997
999 _c96481
_d96481